=LDR 00000nam 2200000 4500 =001 INLIS000000000002678 =005 20200416110211 =035 ##$$a 0010-061300000002678 =008 200416################g##########0#ind## =041 ##$$a Ind =082 ##$$a 2X3.1 =090 ##$$a 2X3.1, Muj u =100 ##$$a Mudjib,M.Abdul =245 1#$$a Untaian mutiara islam /$c M.Abdul Mudjib =260 ##$$a Gresik :$b Putra Pelajar,$c 2000 =300 ##$$a viii,144 hlm ; $c 20 x 15 cm =650 #4$$a Iman - islam =850 ##$$a NBPNMAT =084 ##$$a 2X3.1 MUD u =990 ##$$a DW00009119 =990 ##$$a DW00009120 =990 ##$$a DW00009121 =990 ##$$a DW00009122 =990 ##$$a 153.022/pro-2000 =990 ##$$a 00056060